000 00277nam a2200121Ia 4500
008 190216s9999||||xx |||||||||||||| ||und||
100 _aSarah Bartlett
245 4 _aThe Five Keys Of Feng Shui
260 _bOrion
_c1998
300 _a250
650 _aReferences
942 _cREF
999 _c36941
_d36941